Представление документа в формате RUSMARC

ПолеНазваниеЗначение
  Тип записи a
  Библиографический уровень m
001 Контрольный номер RU/CBS_UL/BASE/e834911e380343be95e6d57fe2ee85e1
005 Дата корректировки 20260204142404.3
010 Индекс ISBN __
a ISBN
b Уточнения в пер.
d Цена 75 к.
9 Тираж 35 000 экз.
100 Данные общей обработки __
a Данные общей обработки 20260204d 0rusy0189## ca
101 Язык документа 0_
a Язык текста rus
102 Страна публикации __
a Страна публикации RU
200 Заглавие и сведения об ответственности 1_
a Заглавие Международное коммунистическое движение
f Первые сведения об ответственности А. Красин, Ю. Н. Гаврилов, Б. М. Лейбзон
g Последующие сведения об ответственности под общ. ред. Ю. А. Красина и др.
210 Выходные данные 1_
a Место издания Москва
c Издательство Мысль
d Дата издания 1983
215 Физическое описание __
a Объем 332 с.
d Формат 22 см.
300 Общие примечания __
a Общие примечания 16+
300 Общие примечания __
a Общие примечания Под инв. номером 2455: Цс-2
606 Тематические рубрики 0_
a Основная рубрика Международное коммунистическое движение
610 Ключевые слова 0_
a Ключевые слова движения коммунистические; политика; КПСС; история
686 Индексы других классификаций __
2 Код системы rubbk
a Классификационный индекс 66.61(0)6
701 Альтернативная интеллектуальная ответственность _1
a Фамилия Красин
b Имя (инициалы) А.
701 Альтернативная интеллектуальная ответственность _1
a Фамилия Гаврилов
b Имя (инициалы) Ю. Н.
701 Альтернативная интеллектуальная ответственность _1
a Фамилия Лейбзон
b Имя (инициалы) Б. М.
801 Источник записи _0
a Страна RU
b Организация МБУК ЦБС г. Ульяновска
c Дата составления 20260204
g Правила каталогизации RCR
801 Источник записи _1
a Страна RU
b Организация МБУК ЦБС г. Ульяновска
c Дата составления 20260204
g Правила каталогизации RCR
852 Данные о местонахождении __
i Авторский знак М 43
j Шифр хранения 66.61(0)6
901 Тип документа __
t Тип документа m
909 Создатель записи __
a Создатель записи obr4
b Дата создания записи 20260204